=LDR 00000nam 2200000 4500 =001 INLIS000000000010519 =005 20130612102155 =008 ***********************************Ind** =035 ##$$0010-061300000010519 =041 ##$$a Ind =082 ##$$a 811 =090 ##$$a 811, Zab d =100 ##$$a AL-ZA'BIY, Muhammad Afif =245 ##$$a Diwan Syafi'i, Untaran syair Syafi'i =260 ##$$a 2003 $b Yogyakarta =300 ##$$a xvi, 167 hlm, 19 cm =650 ##$$a Sya'ir (Puisi) =850 ##$$a NBPNMAT